Statistics for European Capitals Beginning With B

Click here to take the quiz!

General Stats

  • This quiz has been taken 75 times
  • The average score is 6 of 7

Answer Stats

Answer% Correct
Bern
92%
Bucharest
92%
Budapest
92%
Brussels
91%
Berlin
88%
Bratislava
80%
Belgrade
74%

Score Distribution

Percentile by Number Answered

Percent of People with Each Score

Your Score History

You have not taken this quiz